000 00382nam a22001457a 4500
999 _c197560
_d197560
008 230824b ||||| |||| 00| 0 eng d
082 _a181.499-RAD
100 _aRadhakrishnan, S.
245 _aThe Hindu View of Life
_hEnglish
260 _aDelhi
_bA.I.C.B.
_cRohini
270 _aA.I.C.B. Rohini, Delhi
300 _a12x13
490 _v1
942 _2ddc
_cBRLEN
_k181.499
_mRAD